00669nam a2200229 a 4500001001300000003000900013005001700022008004100039020001000080082001500090100002000105245002900125260003800154300000900192500003500201650002300236700002000259902000800279942000700287952012800294999001700422nice12345678IN_TiNIC20260116014638.0071217s0000 newa grp 000 0 eng  ac69500a297.1bSAL aSalahuddin, S V aIslam Peace and Conflict aNew Delhi bPentagon Press c0000 a274p aincludes index and biblioraphy aIslam-20th Century1 aSalahuddin, S V bSRS cBK 001040708StackRoom-aHMIbHMId2007-12-17g695.00l2o297.1 SALp022145r2017-03-03s2017-02-28v695.00w2007-12-17yBK c16348d16348